English here, English there / : book1 : (Record no. 104656)
[ view plain ]
| 000 -LEADER | |
|---|---|
| fixed length control field | 00432nam a2200145 a 4500 |
| 005 - DATE AND TIME OF LATEST TRANSACTION | |
| control field | 20140412111326.0 |
| 008 - FIXED-LENGTH DATA ELEMENTS--GENERAL INFORMATION | |
| fixed length control field | 101230s19uu xx 00 eng d |
| 020 ## - INTERNATIONAL STANDARD BOOK NUMBER | |
| International Standard Book Number | 84-481-0158-8 |
| 050 ## - LIBRARY OF CONGRESS CALL NUMBER | |
| Classification number | TR(GS 428 |
| Item number | D74 1992 |
| 100 ## - MAIN ENTRY--PERSONAL NAME | |
| Personal name | Dos Santos, Manuel |
| 245 ## - TITLE STATEMENT | |
| Title | English here, English there / : book1 : |
| Remainder of title | International Edition / |
| Statement of responsibility, etc | Manuel Dos Santos. |
| 260 ## - PUBLICATION, DISTRIBUTION, ETC. (IMPRINT) | |
| Place of publication, distribution, etc | Colombia : |
| Name of publisher, distributor, etc | McGraw-Hill, |
| Date of publication, distribution, etc | 1992. |
| 300 ## - PHYSICAL DESCRIPTION | |
| Extent | 32p. |
| Withdrawn status | Lost status | Damaged status | Home library | Current library | Shelving location | Date acquired | Source of acquisition | Total Checkouts | Full call number | Barcode | Date last seen | Price effective from | Koha item type |
|---|---|---|---|---|---|---|---|---|---|---|---|---|---|
| Elizalde Library | Elizalde Library | Teachers Reference Section | 12/30/2010 | TR(GS 428 D74 1992 | E8418 | 04/12/2014 | 04/12/2014 | Books |